[Event "DVM U10 2014"]
[Site "Magdeburg GER"]
[Date "2014.12.28"]
[Round "3"]
[White "Ho, Ngoc Hai-Dang"]
[Black "Gutewort, Paul Emil"]
[Result "1/2-1/2"]
[Termination "normal"]
[Board "17.1"]
[WhiteElo "974"]
[BlackElo "1198"]
[WhiteTeam "Schachunion Berlin 2"]
[BlackTeam "Sfr. Nord-Ost Berlin"]
[PlyCount "106"]
[WhiteFideId "16206509"]
[BlackFideId "16204182"]
[EventCountry "GER"]
[EventRounds "7"]
[EventType "team-swiss"]
[EventDate "2014.12.27"]

1. d4 d5 2. c4 e6 3. Nf3 Nf6 4. Nc3 Be7 5. Bf4 b6 6. g3 Bb7 7. Bg2 Nbd7 8. cxd5
Nxd5 9. Nxd5 Bxd5 10. O-O O-O 11. Re1 c5 12. e4 Bb7 13. d5 exd5 14. exd5 Re8
15. d6 Bf6 16. Qd2 c4 17. Nd4 Bxg2 18. Kxg2 a5 19. Nc6 Qc8 20. Rxe8+ Qxe8 21.
Re1 Qc8 22. Ne7+ Bxe7 23. Rxe7 Qc6+ 24. Kg1 Nf6 25. d7 Rd8 26. Qe2 h6 27. h4
Rxd7 28. Rxd7 Qxd7 29. Qxc4 Qh3 30. Qf1 Qg4 31. Bc7 Qb4 32. Qa6 Nd5 33. Qa8+
Kh7 34. Qxd5 Qxb2 35. Qxf7 a4 36. Qf5+ Kg8 37. Qe6+ Kh7 38. Bxb6 a3 39. Qb3 Kg6
40. Bc5 Qc1+ 41. Kg2 Qxc5 42. Qd3+ Kf6 43. Kf1 Qc1+ 44. Ke2 Qb2+ 45. Qd2 Qe5+
46. Qe3 Qb2+ 47. Qd2 Qb5+ 48. Kd1 Qb1+ 49. Ke2 Qb5+ 50. Kf3 Qc6+ 51. Ke2 Qe4+
52. Kf1 Qh1+ 53. Ke2 Qe4+ 1/2-1/2

[Event "DVM U10 2014"]
[Site "Magdeburg GER"]
[Date "2014.12.28"]
[Round "3"]
[White "Buschmann, Tim"]
[Black "Landgraf, Arthur"]
[Result "1-0"]
[Termination "normal"]
[Board "17.2"]
[WhiteElo "1115"]
[BlackElo "797"]
[WhiteTeam "Sfr. Nord-Ost Berlin"]
[BlackTeam "Schachunion Berlin 2"]
[PlyCount "65"]
[WhiteFideId "16257669"]
[EventCountry "GER"]
[EventRounds "7"]
[EventType "team-swiss"]
[EventDate "2014.12.27"]

1. e4 c5 2. Nf3 a6 3. d4 Nf6 4. Nc3 d6 5. dxc5 dxc5 6. Qxd8+ Kxd8 7. Bc4 g6 8.
Bxf7 Nc6 9. Be3 Nd7 10. Be6 Nb4 11. O-O-O Bg7 12. Kb1 Nc6 13. Bxc5 Bf6 14. Nd5
Re8 15. Bxd7 Bxd7 16. Nb6 Kc7 17. Rxd7+ Kb8 18. Nxa8 Kxa8 19. e5 Bxe5 20. Nxe5
Nxe5 21. Rxe7 Rxe7 22. Bxe7 Ng4 23. Bc5 h5 24. f3 Nf6 25. Rd1 b6 26. Bxb6 Kb7
27. Rd6 Ne8 28. Rxg6 Kc8 29. Rh6 Ng7 30. Bd4 Nf5 31. Rh8+ Kd7 32. Bf2 Ne7 33.
Rh7 1-0

[Event "DVM U10 2014"]
[Site "Magdeburg GER"]
[Date "2014.12.28"]
[Round "3"]
[White "Kessen, Laila"]
[Black "Beck, Felix"]
[Result "0-1"]
[Termination "normal"]
[Board "17.3"]
[WhiteElo "600"]
[BlackElo "995"]
[WhiteTeam "Schachunion Berlin 2"]
[BlackTeam "Sfr. Nord-Ost Berlin"]
[PlyCount "48"]
[BlackFideId "16255364"]
[EventCountry "GER"]
[EventRounds "7"]
[EventType "team-swiss"]
[EventDate "2014.12.27"]

1. e4 e5 2. Nf3 Nc6 3. d4 exd4 4. Bc4 Be7 5. O-O d6 6. Bg5 Bxg5 7. Nxg5 Qxg5 8.
Qf3 Nf6 9. e5 dxe5 10. Bb5 Bd7 11. Na3 O-O 12. Bd3 Rfe8 13. c4 e4 14. Qg3 Qxg3
15. hxg3 exd3 16. Rad1 Rad8 17. Rxd3 Bf5 18. Rf3 Bg4 19. Rb3 d3 20. f3 d2 21.
Rd1 Re1+ 22. Rxe1 dxe1=Q+ 23. Kh2 Rd1 24. Rxb7 Qg1# 0-1

[Event "DVM U10 2014"]
[Site "Magdeburg GER"]
[Date "2014.12.28"]
[Round "3"]
[White "Klühs, Isabel"]
[Black "Phong Nguyen, Tung"]
[Result "1-0"]
[Termination "normal"]
[Board "17.4"]
[WhiteElo "763"]
[BlackElo "600"]
[WhiteTeam "Sfr. Nord-Ost Berlin"]
[BlackTeam "Schachunion Berlin 2"]
[PlyCount "33"]
[WhiteFideId "16228944"]
[EventCountry "GER"]
[EventRounds "7"]
[EventType "team-swiss"]
[EventDate "2014.12.27"]

1. d4 d5 2. Nf3 Nc6 3. c3 Bf5 4. Nbd2 Bg4 5. e3 Qd6 6. Bd3 Bxf3 7. Qxf3 O-O-O
8. a3 b6 9. c4 dxc4 10. Bxc4 Na5 11. Ba6+ Nb7 12. Qxb7+ Kd7 13. Bb5+ Ke6 14.
O-O Nf6 15. Ne4 Nxe4 16. Qxe4+ Qe5 17. Qxe5# 1-0

[Event "DVM U10 2014"]
[Site "Magdeburg GER"]
[Date "2014.12.28"]
[Round "3"]
[White "Pflugradt, Natalie"]
[Black "Janssen, Mattis"]
[Result "1-0"]
[Termination "normal"]
[Board "18.2"]
[WhiteElo "1025"]
[BlackElo "600"]
[WhiteTeam "SG Blau-Weiß Stadtilm 1"]
[BlackTeam "Lübecker SV von 1873 2"]
[PlyCount "95"]
[WhiteFideId "16212444"]
[EventCountry "GER"]
[EventRounds "7"]
[EventType "team-swiss"]
[EventDate "2014.12.27"]

1. e4 e5 2. Nf3 Nc6 3. Bc4 h6 4. Nc3 Bc5 5. d3 Nf6 6. Be3 Bxe3 7. fxe3 d6 8. h3
Nh5 9. Ne2 Rg8 10. Qd2 Be6 11. Bb3 Qf6 12. O-O-O Bxb3 13. axb3 b6 14. d4 exd4
15. exd4 g5 16. Qc3 Na5 17. b4 Nf4 18. Nxf4 Qxf4+ 19. Kb1 O-O-O 20. bxa5 bxa5
21. Qxa5 Kd7 22. Qb5+ Ke7 23. e5 Rb8 24. exd6+ Qxd6 25. Rhe1+ Kf6 26. Qe5+ Kg6
27. Qxd6+ cxd6 28. h4 g4 29. h5+ Kf6 30. Nd2 Rbe8 31. Ne4+ Ke6 32. Nc3+ Kd7 33.
Nd5 f5 34. Nf6+ Kd8 35. Rxe8+ Rxe8 36. Nxe8 Kxe8 37. Re1+ Kf7 38. c4 f4 39. Rf1
f3 40. gxf3 gxf3 41. Rxf3+ Ke6 42. Rc3 d5 43. c5 Kf5 44. c6 Kg4 45. c7 Kxh5 46.
c8=Q Kg5 47. Qg8+ Kh5 48. Rh3# 1-0

[Event "DVM U10 2014"]
[Site "Magdeburg GER"]
[Date "2014.12.28"]
[Round "3"]
[White "Bornholdt, Joa Max"]
[Black "Werner, Linus"]
[Result "0-1"]
[Termination "normal"]
[Board "18.3"]
[WhiteElo "600"]
[BlackElo "1104"]
[WhiteTeam "Lübecker SV von 1873 2"]
[BlackTeam "SG Blau-Weiß Stadtilm 1"]
[PlyCount "42"]
[WhiteFideId "16253477"]
[EventCountry "GER"]
[EventRounds "7"]
[EventType "team-swiss"]
[EventDate "2014.12.27"]

1. e4 e5 2. Bc4 Nf6 3. Nc3 Bc5 4. d3 d6 5. Bg5 Be6 6. Bxe6 fxe6 7. Nf3 Nc6 8.
O-O O-O 9. Qd2 Qe8 10. Nb5 Qf7 11. Bxf6 Qxf6 12. Nxc7 Rac8 13. Nb5 a6 14. Nc3
Qg6 15. Na4 Rxf3 16. Nxc5 dxc5 17. Qe2 Nd4 18. Qd2 Rh3 19. Kh1 Rh6 20. g3 Nf3
21. Qa5 Rxh2# 0-1

[Event "DVM U10 2014"]
[Site "Magdeburg GER"]
[Date "2014.12.28"]
[Round "3"]
[White "Schmidt, Pauline"]
[Black "Berger, Jan Peter"]
[Result "1-0"]
[Termination "normal"]
[Board "18.4"]
[WhiteElo "867"]
[BlackElo "600"]
[WhiteTeam "SG Blau-Weiß Stadtilm 1"]
[BlackTeam "Lübecker SV von 1873 2"]
[PlyCount "43"]
[WhiteFideId "16209850"]
[EventCountry "GER"]
[EventRounds "7"]
[EventType "team-swiss"]
[EventDate "2014.12.27"]

1. e4 e5 2. Nf3 Nc6 3. Bc4 Bc5 4. c3 Nf6 5. d4 exd4 6. cxd4 Bb4+ 7. Bd2 Nxe4 8.
Bxb4 Nxb4 9. Bxf7+ Kxf7 10. Qb3+ Ke8 11. Qxb4 d6 12. O-O c5 13. dxc5 dxc5 14.
Qxe4+ Kf8 15. Nc3 Qc7 16. Rfe1 Bd7 17. Nd5 Qd8 18. Qf4+ Kg8 19. Ne7+ Qxe7 20.
Rxe7 h6 21. Rxd7 Kh7 22. Qf5+ 1-0

[Event "DVM U10 2014"]
[Site "Magdeburg GER"]
[Date "2014.12.28"]
[Round "3"]
[White "Kahlsdorf, Fabian"]
[Black "Rößler, Philipp"]
[Result "1-0"]
[Termination "normal"]
[Board "19.1"]
[WhiteElo "1055"]
[BlackElo "915"]
[WhiteTeam "Braunschweiger SF"]
[BlackTeam "SC 1994 Oberland"]
[PlyCount "101"]
[WhiteFideId "16201140"]
[BlackFideId "16209885"]
[EventCountry "GER"]
[EventRounds "7"]
[EventType "team-swiss"]
[EventDate "2014.12.27"]

1. e4 e5 2. Nf3 Nc6 3. d4 d6 4. d5 Nce7 5. Nc3 c6 6. Be2 Nf6 7. dxc6 Nxc6 8.
O-O Be7 9. Be3 Be6 10. Qd2 O-O 11. Rad1 Qd7 12. Rfe1 Rad8 13. a3 h6 14. Bxh6
gxh6 15. Qxh6 Ng4 16. Qh5 Kg7 17. Ng5 Rh8 18. Nxe6+ Qxe6 19. Qxg4+ Qxg4 20.
Bxg4 Rh4 21. Be2 Nd4 22. Bd3 Rdh8 23. h3 Rg8 24. Re3 Kf8 25. Nb5 Nxb5 26. Bxb5
Bg5 27. Re2 Bh6 28. Rxd6 Rxh3 29. Rd8+ Kg7 30. Rxg8+ Kxg8 31. gxh3 a6 32. Bc4
b5 33. Bb3 a5 34. a4 bxa4 35. Bxa4 Kf8 36. Re1 Ke7 37. Rd1 Ke6 38. c4 f5 39.
exf5+ Kxf5 40. c5 Bf4 41. Rd5 Ke6 42. Bb3 Kf6 43. c6 e4 44. h4 Kg6 45. h5+ Kh6
46. Rc5 a4 47. Bxa4 Kh7 48. b4 Kh6 49. b5 Kg7 50. b6 Kh6 51. c7 1-0

[Event "DVM U10 2014"]
[Site "Magdeburg GER"]
[Date "2014.12.28"]
[Round "3"]
[White "Seibt, Bruno"]
[Black "Kahlsdorf, Hendrik"]
[Result "0-1"]
[Termination "normal"]
[Board "19.2"]
[WhiteElo "862"]
[BlackElo "1051"]
[WhiteTeam "SC 1994 Oberland"]
[BlackTeam "Braunschweiger SF"]
[PlyCount "130"]
[WhiteFideId "16219988"]
[BlackFideId "16201159"]
[EventCountry "GER"]
[EventRounds "7"]
[EventType "team-swiss"]
[EventDate "2014.12.27"]

1. e4 d5 2. exd5 Qxd5 3. Nc3 Qa5 4. Nf3 Nf6 5. d4 Bf5 6. Bc4 e6 7. Be3 Be7 8.
Qd2 Nbd7 9. O-O-O O-O-O 10. d5 e5 11. Ng5 Bg6 12. Rhe1 h6 13. Nf3 Bd6 14. Nh4
Bh5 15. f3 g5 16. Nf5 Bg6 17. Ng3 Nc5 18. Bxc5 Bxc5 19. Rxe5 Bd6 20. Re3 Bf4
21. Qd4 Bxe3+ 22. Qxe3 Nd7 23. d6 c6 24. f4 gxf4 25. Qxf4 Qg5 26. Qxg5 hxg5 27.
Rf1 Ne5 28. Bb3 Rxd6 29. Nge4 Bxe4 30. Nxe4 Rdd8 31. Nxg5 Rhf8 32. Nxf7 Nxf7
33. Bxf7 Rd7 34. g4 Rdxf7 35. Rd1 Rf1 36. h4 Rxd1+ 37. Kxd1 Kd7 38. g5 Rh8 39.
g6 Rxh4 40. g7 Rg4 41. Kd2 Rxg7 42. c4 Kd6 43. Kc3 a5 44. b4 Rg3+ 45. Kd4 axb4
46. c5+ Kc7 47. Kc4 Rg4+ 48. Kb3 b5 49. a3 bxa3 50. Kxa3 Rc4 51. Kb3 Rxc5 52.
Kb4 Kb6 53. Ka3 Rc4 54. Kb3 Ka5 55. Ka3 b4+ 56. Kb3 Rc3+ 57. Ka2 Ka4 58. Kb2
Rb3+ 59. Ka2 Rg3 60. Kb2 b3 61. Ka1 Rg2 62. Kb1 Ka3 63. Kc1 b2+ 64. Kb1 Rg1+
65. Kc2 b1=Q+ 0-1

[Event "DVM U10 2014"]
[Site "Magdeburg GER"]
[Date "2014.12.28"]
[Round "3"]
[White "Schauder, Finn-Leon"]
[Black "Augustin, Elias"]
[Result "0-1"]
[Termination "normal"]
[Board "19.3"]
[WhiteElo "1011"]
[BlackElo "879"]
[WhiteTeam "Braunschweiger SF"]
[BlackTeam "SC 1994 Oberland"]
[PlyCount "84"]
[BlackFideId "16236963"]
[EventCountry "GER"]
[EventRounds "7"]
[EventType "team-swiss"]
[EventDate "2014.12.27"]

1. e4 e5 2. Nf3 Nc6 3. Bc4 Nf6 4. Ng5 d5 5. exd5 Na5 6. Bb3 Nxb3 7. axb3 Qxd5
8. Nc3 Qd8 9. O-O Bc5 10. d3 O-O 11. h3 Bf5 12. Bd2 h6 13. Nge4 Nxe4 14. Nxe4
Bxe4 15. dxe4 Qd4 16. c3 Qxe4 17. Re1 Qf5 18. Rf1 Rad8 19. Qe2 Rfe8 20. Rfe1
Rd6 21. Rf1 Qc2 22. Rad1 Qxb2 23. b4 Bb6 24. c4 c5 25. b5 a6 26. Rfe1 a5 27.
Qe3 Red8 28. Re2 a4 29. Kh2 a3 30. Bc1 Qb4 31. Rxd6 Rxd6 32. Bxa3 Qxc4 33. Qxe5
Bc7 34. Bb2 Rd7 35. Qxc7 Rxc7 36. Re8+ Kh7 37. Be5 Qe4 38. g3 Rd7 39. g4 Qe2
40. Kg3 Rd3+ 41. Kh4 Qxf2+ 42. Kh5 g6# 0-1

[Event "DVM U10 2014"]
[Site "Magdeburg GER"]
[Date "2014.12.28"]
[Round "3"]
[White "Rönsch, Franziska"]
[Black "Bangura, Benjamin"]
[Result "0-1"]
[Termination "normal"]
[Board "19.4"]
[WhiteElo "677"]
[BlackElo "843"]
[WhiteTeam "SC 1994 Oberland"]
[BlackTeam "Braunschweiger SF"]
[PlyCount "114"]
[EventCountry "GER"]
[EventRounds "7"]
[EventType "team-swiss"]
[EventDate "2014.12.27"]

1. e4 e5 2. Nf3 Nc6 3. Bd3 Nf6 4. O-O Bc5 5. Nc3 O-O 6. Bc4 Bd4 7. Ne2 Nxe4 8.
Nexd4 exd4 9. Bd3 Nf6 10. c3 d5 11. cxd4 Bg4 12. b3 Nxd4 13. Be2 Qe7 14. Re1
Bf5 15. d3 Nxf3+ 16. Bxf3 Be4 17. dxe4 dxe4 18. Be2 Qe5 19. Qc2 Qxa1 20. Bd2
Qe5 21. Bc3 Qf4 22. Bxf6 Qxf6 23. Qxc7 Rab8 24. Qg3 Qb2 25. Bd1 Qd2 26. Rf1
Qxa2 27. Qf4 Rfe8 28. Bg4 Qxb3 29. Bf5 Qc4 30. Qh4 h6 31. Qf4 a5 32. Rc1 Qd3
33. f3 g5 34. Bxe4 Rxe4 35. Qxe4 Qxe4 36. fxe4 b5 37. Rc5 -- 38. e5 Kg7 39. Rc6
b4 40. e6 fxe6 41. Rxe6 b3 42. Re7+ Kf6 43. Re1 a4 44. Rf1+ Kg6 45. Rb1 a3 46.
Ra1 a2 47. Rxa2 b2 48. Rxb2 Rxb2 49. Kf1 Kf5 50. Ke1 h5 51. Kd1 Kf4 52. Kc1
Rxg2 53. Kd1 Ke3 54. Kc1 Kd3 55. Kb1 Kc3 56. Ka1 Kb3 57. h4 Rg1# 0-1

[Event "DVM U10 2014"]
[Site "Magdeburg GER"]
[Date "2014.12.28"]
[Round "3"]
[White "Hildebrandt, Colin"]
[Black "Sawadski, Nikolas"]
[Result "0-1"]
[Termination "normal"]
[Board "20.1"]
[WhiteElo "600"]
[BlackElo "1175"]
[WhiteTeam "Hamburger SK 3"]
[BlackTeam "Heilbronner SV"]
[PlyCount "64"]
[BlackFideId "16261585"]
[EventCountry "GER"]
[EventRounds "7"]
[EventType "team-swiss"]
[EventDate "2014.12.27"]

1. d4 d5 2. c4 e6 3. Nc3 Nf6 4. Bg5 c6 5. e4 dxe4 6. Nxe4 Bb4+ 7. Nc3 Nbd7 8.
Nf3 Qa5 9. Bd2 Bxc3 10. Bxc3 Qc7 11. Bd3 O-O 12. Qc2 h6 13. Ne5 c5 14. Nxd7
Bxd7 15. dxc5 Ng4 16. h3 Ne5 17. Qe2 Nxd3+ 18. Qxd3 Bc6 19. Qd4 e5 20. Qg4 Bd7
21. Qg3 Rfe8 22. O-O Re6 23. f4 Qxc5+ 24. Rf2 Rg6 25. Qh2 Bc6 26. f5 Rxg2+ 27.
Qxg2 Bxg2 28. Kxg2 Rd8 29. b3 Qe3 30. Bb4 Rd3 31. h4 Qh3+ 32. Kg1 Rg3+ 0-1

[Event "DVM U10 2014"]
[Site "Magdeburg GER"]
[Date "2014.12.28"]
[Round "3"]
[White "Sawadski, Leonard"]
[Black "Freitag, Gerrit"]
[Result "1-0"]
[Termination "normal"]
[Board "20.2"]
[WhiteElo "922"]
[BlackElo "600"]
[WhiteTeam "Heilbronner SV"]
[BlackTeam "Hamburger SK 3"]
[PlyCount "79"]
[WhiteFideId "16261607"]
[BlackFideId "34650148"]
[EventCountry "GER"]
[EventRounds "7"]
[EventType "team-swiss"]
[EventDate "2014.12.27"]

1. e4 e5 2. f4 Nc6 3. Nf3 Nf6 4. Nc3 d5 5. exd5 Nxd5 6. fxe5 Bg4 7. Be2 Nxc3 8.
bxc3 Bxf3 9. Bxf3 Nxe5 10. Qe2 Bd6 11. d4 f6 12. dxe5 fxe5 13. Bxb7 Rb8 14.
Bc6+ Kf8 15. Qf2+ Ke7 16. Bg5+ Ke6 17. Bxd8 Rbxd8 18. O-O Rhf8 19. Qe3 Rxf1+
20. Rxf1 a6 21. Qh3+ Ke7 22. Qxh7 Bc5+ 23. Kh1 Bf2 24. Qxg7+ Ke6 25. h3 Rd6 26.
Rxf2 Rxc6 27. Qf6+ Kd5 28. Rd2+ Kc5 29. Qxe5+ Kb6 30. Qd4+ Kb7 31. Qb4+ Rb6 32.
Qxb6+ Kxb6 33. g4 Kb5 34. g5 Ka4 35. g6 Ka3 36. g7 Kxa2 37. g8=Q+ Kb2 38. Qb3+
Kc1 39. Rg2 Kd1 40. Qb1# 1-0

[Event "DVM U10 2014"]
[Site "Magdeburg GER"]
[Date "2014.12.28"]
[Round "3"]
[White "Fuhrmann, Bahne"]
[Black "Hagenmeyer, Felix"]
[Result "0-1"]
[Termination "normal"]
[Board "20.3"]
[WhiteElo "600"]
[BlackElo "928"]
[WhiteTeam "Hamburger SK 3"]
[BlackTeam "Heilbronner SV"]
[PlyCount "116"]
[WhiteFideId "16244842"]
[BlackFideId "34612572"]
[EventCountry "GER"]
[EventRounds "7"]
[EventType "team-swiss"]
[EventDate "2014.12.27"]

1. e4 e5 2. Nf3 Nc6 3. Bb5 Nge7 4. Bxc6 Nxc6 5. d4 d6 6. dxe5 dxe5 7. Qxd8+
Kxd8 8. O-O g6 9. Bg5+ Ke8 10. Nc3 Nb4 11. Rad1 Bg4 12. Rd2 Bxf3 13. gxf3 Bg7
14. Nb5 Na6 15. Rfd1 f6 16. Be3 b6 17. Nxa7 Rxa7 18. Rd8+ Ke7 19. R8d7+ Kf8 20.
Rd8+ Ke7 21. R1d7+ Ke6 22. Rxh8 Kxd7 23. Rg8 Ke7 24. Rxg7+ Kf8 25. Rxh7 Rb7 26.
f4 exf4 27. Bxf4 Kg8 28. Rh6 Kg7 29. Rh4 g5 30. Rg4 Kh6 31. Bc1 Nb4 32. Rg3
Nxa2 33. Bd2 c5 34. Rd3 Rc7 35. f3 c4 36. Rd6 Kg7 37. Rxb6 Rd7 38. Bc3 Nxc3 39.
bxc3 Rd1+ 40. Kf2 Rd2+ 41. Ke3 Rxh2 42. Kd4 Rxc2 43. Rb7+ Kg6 44. Kxc4 Rf2 45.
Kd4 Rxf3 46. c4 Rf4 47. c5 f5 48. c6 Rxe4+ 49. Kd5 Re8 50. Kd6 f4 51. c7 f3 52.
Kd7 f2 53. Rb1 Re1 54. Rb6+ Kh5 55. Rf6 Rd1+ 56. Kc6 f1=Q 57. Rxf1 Rxf1 58. Kd5
Rc1 0-1

[Event "DVM U10 2014"]
[Site "Magdeburg GER"]
[Date "2014.12.28"]
[Round "3"]
[White "Shevchenko, Alyona"]
[Black "Hegemann, Erik"]
[Result "1-0"]
[Termination "normal"]
[Board "21.1"]
[WhiteElo "1019"]
[BlackElo "1176"]
[WhiteTeam "Karlsruher SF 1853"]
[BlackTeam "SG Turm Raesfeld/Erle"]
[PlyCount "161"]
[WhiteFideId "12983420"]
[BlackFideId "16234618"]
[EventCountry "GER"]
[EventRounds "7"]
[EventType "team-swiss"]
[EventDate "2014.12.27"]

1. e4 e5 2. Nf3 Nc6 3. c3 Nf6 4. d3 Bc5 5. Nxe5 d6 6. Nxc6 bxc6 7. Bf4 Ng4 8.
d4 Bb6 9. Be2 Qh4 10. g3 Qh3 11. Bf3 Nxh2 12. e5 d5 13. Be2 Bg4 14. Bxg4 Qxg4
15. Rxh2 Qxd1+ 16. Kxd1 O-O 17. Nd2 c5 18. dxc5 Bxc5 19. Nb3 Bb6 20. Nd4 Rab8
21. Nf3 Bc5 22. b4 Bb6 23. Ng5 h6 24. Nf3 a5 25. Rb1 axb4 26. Rxb4 c5 27. Ra4
Rfd8 28. e6 Ra8 29. Rxa8 Rxa8 30. exf7+ Kxf7 31. Ne5+ Kg8 32. c4 d4 33. Rh4
Rxa2 34. Nd3 g5 35. Rxh6 gxf4 36. Rxb6 Ra3 37. Nxf4 Ra1+ 38. Ke2 Rc1 39. Kd3
Rc3+ 40. Ke4 Rxc4 41. Rg6+ Kf7 42. Rd6 Ke7 43. Re6+ Kd7 44. Kd5 Rc1 45. Rd6+
Ke7 46. Rc6 d3 47. Nxd3 Rd1 48. Kc4 Kd7 49. Rxc5 Rh1 50. f4 Rg1 51. Rg5 Ke6 52.
Kd4 Ra1 53. f5+ Kf6 54. Rh5 Ra4+ 55. Kd5 Ra5+ 56. Ke4 Ra4+ 57. Kd5 Ra5+ 58. Nc5
Ra8 59. Nd7+ Ke7 60. Ne5 Ra5+ 61. Ke4 Kd6 62. f6 Ke6 63. f7 Ra4+ 64. Kf3 Ra1
65. Kf2 Ra2+ 66. Kf3 Ra1 67. Kg2 Ke7 68. Rh8 Ra2+ 69. Kh3 Ke6 70. f8=Q Ra1 71.
Qf7+ Kd6 72. Rd8+ Kxe5 73. Qe7+ Kf5 74. Rf8+ Kg6 75. Qf7+ Kh6 76. Qf4+ Kg7 77.
Qf6+ Kh7 78. Qh8+ Kg6 79. Qg8+ Kh6 80. Rf6+ Kh5 81. g4# 1-0

[Event "DVM U10 2014"]
[Site "Magdeburg GER"]
[Date "2014.12.28"]
[Round "3"]
[White "Tünte, Henning"]
[Black "Kiefhaber, Julius"]
[Result "1/2-1/2"]
[Termination "normal"]
[Board "21.2"]
[WhiteElo "918"]
[BlackElo "930"]
[WhiteTeam "SG Turm Raesfeld/Erle"]
[BlackTeam "Karlsruher SF 1853"]
[PlyCount "65"]
[BlackFideId "16245121"]
[EventCountry "GER"]
[EventRounds "7"]
[EventType "team-swiss"]
[EventDate "2014.12.27"]

1. e4 c5 2. Nf3 Nc6 3. Bc4 g6 4. d4 cxd4 5. Nxd4 Bg7 6. c3 Nf6 7. Qe2 O-O 8.
O-O d5 9. exd5 Nxd5 10. Bg5 Bxd4 11. cxd4 Nxd4 12. Qd3 Ne6 13. Qxd5 Qxd5 14.
Bxd5 Nxg5 15. Re1 e6 16. Be4 Nxe4 17. Rxe4 Rd8 18. h3 b6 19. Nd2 Rxd2 20. Rc1
Bb7 21. Rec4 Rxb2 22. Rc7 Ba6 23. Rd7 Rxa2 24. Rcc7 b5 25. Rxf7 b4 26. Rg7+ Kf8
27. Rgf7+ Ke8 28. Rce7+ Kd8 29. Rd7+ Ke8 30. Rde7+ Kd8 31. Rd7+ Ke8 32. Rde7+
Kd8 33. Rd7+ 1/2-1/2

[Event "DVM U10 2014"]
[Site "Magdeburg GER"]
[Date "2014.12.28"]
[Round "3"]
[White "Holubek, Oliver"]
[Black "Fölting, Enna"]
[Result "1-0"]
[Termination "normal"]
[Board "21.3"]
[WhiteElo "989"]
[BlackElo "600"]
[WhiteTeam "Karlsruher SF 1853"]
[BlackTeam "SG Turm Raesfeld/Erle"]
[PlyCount "37"]
[BlackFideId "16241274"]
[EventCountry "GER"]
[EventRounds "7"]
[EventType "team-swiss"]
[EventDate "2014.12.27"]

1. e4 e5 2. Nf3 Nc6 3. Bc4 Bc5 4. c3 Nf6 5. d4 exd4 6. cxd4 Bb4+ 7. Nc3 Nxe4 8.
O-O Nxc3 9. bxc3 Bxc3 10. Qb3 O-O 11. Bg5 Qe8 12. Qxc3 Qe4 13. Rfe1 Qg4 14. h3
Qf5 15. Qe3 h6 16. Bh4 d5 17. Bd3 Qh5 18. Qe8 Rxe8 19. Rxe8# 1-0

[Event "DVM U10 2014"]
[Site "Magdeburg GER"]
[Date "2014.12.28"]
[Round "3"]
[White "Marks, Gerrit Johann"]
[Black "Kiefhaber, Marlene"]
[Result "1-0"]
[Termination "normal"]
[Board "21.4"]
[WhiteElo "600"]
[BlackElo "865"]
[WhiteTeam "SG Turm Raesfeld/Erle"]
[BlackTeam "Karlsruher SF 1853"]
[PlyCount "87"]
[EventCountry "GER"]
[EventRounds "7"]
[EventType "team-swiss"]
[EventDate "2014.12.27"]

1. e4 e5 2. Nf3 Nc6 3. Bc4 Nf6 4. Nc3 Bc5 5. d3 O-O 6. O-O d6 7. Bg5 Bg4 8. Nd5
Re8 9. c3 Re6 10. Ne7+ Qxe7 11. Bxe6 Qxe6 12. h3 Bh5 13. g4 Bg6 14. Bxf6 Qxf6
15. g5 Qe6 16. Nd2 Qxh3 17. Qf3 Qh4 18. Qg3 Qh5 19. Kg2 Re8 20. Rh1 Qe2 21.
Rad1 Re6 22. Qf3 Qxf3+ 23. Nxf3 Bh5 24. Rxh5 Ne7 25. d4 Bb6 26. d5 Rg6 27. Nh4
Rh6 28. gxh6 gxh6 29. Nf5 Ng6 30. Rxh6 Nf4+ 31. Kf3 c6 32. dxc6 bxc6 33. Rdxd6
Bc7 34. Rxc6 Ne6 35. Ne7+ Kg7 36. Rhxe6 fxe6 37. Rxc7 Kf8 38. Rxa7 Ke8 39. Nc6
Kf8 40. b4 h5 41. b5 h4 42. b6 h3 43. b7 h2 44. b8=Q# 1-0

[Event "DVM U10 2014"]
[Site "Magdeburg GER"]
[Date "2014.12.28"]
[Round "3"]
[White "Kruse, Kilian"]
[Black "Wilhelm, Anna-Lena"]
[Result "1-0"]
[Termination "normal"]
[Board "22.1"]
[WhiteElo "1167"]
[BlackElo "864"]
[WhiteTeam "SC Borussia 1920 Friedrichsfelde"]
[BlackTeam "SG Blau-Weiß Stadtilm 2"]
[PlyCount "55"]
[WhiteFideId "16205413"]
[BlackFideId "16230094"]
[EventCountry "GER"]
[EventRounds "7"]
[EventType "team-swiss"]
[EventDate "2014.12.27"]

1. e4 e5 2. Nf3 Nc6 3. Bc4 Bc5 4. c3 Nf6 5. d3 d6 6. Bg5 h6 7. Be3 Bb6 8. O-O
Bg4 9. Nbd2 Qd7 10. h3 Be6 11. Qe2 O-O-O 12. Bxb6 axb6 13. a4 Na5 14. Bxe6 Qxe6
15. b4 Nc6 16. a5 bxa5 17. bxa5 Nh5 18. a6 Kb8 19. axb7 Kxb7 20. Rfb1+ Kc8 21.
Nc4 Nf4 22. Qb2 Qg6 23. Ne3 Nxh3+ 24. Kf1 Nf4 25. Qb5 Qh5 26. Qxc6 Qh1+ 27. Ng1
Nxd3 28. Ra8# 1-0

[Event "DVM U10 2014"]
[Site "Magdeburg GER"]
[Date "2014.12.28"]
[Round "3"]
[White "Gölitz, Lia"]
[Black "Kraft, Adrian"]
[Result "0-1"]
[Termination "normal"]
[Board "22.2"]
[WhiteElo "850"]
[BlackElo "963"]
[WhiteTeam "SG Blau-Weiß Stadtilm 2"]
[BlackTeam "SC Borussia 1920 Friedrichsfelde"]
[PlyCount "82"]
[WhiteFideId "16230116"]
[BlackFideId "16235010"]
[EventCountry "GER"]
[EventRounds "7"]
[EventType "team-swiss"]
[EventDate "2014.12.27"]

1. e4 c5 2. Nf3 Nc6 3. g3 d6 4. Bg2 Nf6 5. O-O Nxe4 6. d3 Nf6 7. Nc3 g6 8. Bg5
Bg7 9. Qd2 O-O 10. Rfb1 Bf5 11. Bh6 Bxh6 12. Qxh6 Ng4 13. Qg5 e5 14. Qxd8 Raxd8
15. a3 a6 16. b4 b5 17. Nd5 Rd7 18. h3 Kg7 19. hxg4 Bxg4 20. a4 Be6 21. Ng5 h6
22. Nxe6+ fxe6 23. Nc3 cxb4 24. Bxc6 Rc7 25. axb5 axb5 26. Bxb5 bxc3 27. Re1
Rcf7 28. Re2 h5 29. Rf1 g5 30. d4 exd4 31. Rxe6 Rf6 32. Rxf6 Rxf6 33. Re1 Rf5
34. Re7+ Kf6 35. Rd7 Ke6 36. Rh7 Rxb5 37. Rxh5 d3 38. Rh6+ Kd5 39. Kg2 dxc2 40.
Rh1 Rb1 41. Rxb1 cxb1=Q 0-1

[Event "DVM U10 2014"]
[Site "Magdeburg GER"]
[Date "2014.12.28"]
[Round "3"]
[White "Müller, Stefan"]
[Black "Möschwitzer, Luis"]
[Result "0-1"]
[Termination "normal"]
[Board "22.3"]
[WhiteElo "735"]
[BlackElo "798"]
[WhiteTeam "SC Borussia 1920 Friedrichsfelde"]
[BlackTeam "SG Blau-Weiß Stadtilm 2"]
[PlyCount "46"]
[EventCountry "GER"]
[EventRounds "7"]
[EventType "team-swiss"]
[EventDate "2014.12.27"]

1. e4 e5 2. Nf3 Nc6 3. Bb5 Nf6 4. Nc3 d6 5. d3 h6 6. Be3 Bg4 7. O-O Be7 8. Nd5
O-O 9. Nxf6+ Bxf6 10. Bc4 Bh5 11. Qd2 Bxf3 12. gxf3 Nd4 13. Qe2 Nxe2+ 14. Kh1
Bg5 15. Rfe1 Nf4 16. d4 exd4 17. Bxf4 Bxf4 18. Red1 Qh4 19. Kg1 Qxh2+ 20. Kf1
Kh8 21. Rxd4 f5 22. exf5 Rfe8 23. Rad1 Qh1# 0-1

[Event "DVM U10 2014"]
[Site "Magdeburg GER"]
[Date "2014.12.28"]
[Round "3"]
[White "Langer, Paul Georg"]
[Black "Pervan, Milan"]
[Result "1-0"]
[Termination "normal"]
[Board "22.4"]
[WhiteElo "789"]
[BlackElo "600"]
[WhiteTeam "SG Blau-Weiß Stadtilm 2"]
[BlackTeam "SC Borussia 1920 Friedrichsfelde"]
[PlyCount "51"]
[WhiteFideId "16230051"]
[EventCountry "GER"]
[EventRounds "7"]
[EventType "team-swiss"]
[EventDate "2014.12.27"]

1. e4 e5 2. Nf3 Nc6 3. Bc4 Nf6 4. Nc3 Bb4 5. a3 Bc5 6. d3 d6 7. Be3 Bb6 8. Qd2
O-O 9. O-O Bg4 10. Qe2 Nd7 11. a4 Bxf3 12. Qxf3 Ba5 13. Qg3 Qf6 14. Bg5 Qg6 15.
f4 Rae8 16. fxe5 dxe5 17. Rf3 Re7 18. Bxe7 Nxe7 19. Raf1 Bb4 20. Qxg6 Nxg6 21.
Bxf7+ Rxf7 22. Rxf7 Bc5+ 23. Kh1 Bd4 24. Rxd7 Bb6 25. Rd8+ Nf8 26. Rdxf8# 1-0